000
00241 a2200097 4500
020
_a
9780198085492
100
_a
N. V. Raghavendra
245
_a
Engineering metrology and measurements
260
_b
Oxford University Press
_c
2024
942
_c
OO
999
_c
116019
_d
116018